000 00249nam a22001097a 4500
008 230704b xxu||||| |||| 00| 0 eng d
082 _a354.7
_bKEN 1962
245 _aCareers in the Civil Service
260 _c1962
300 _a114p
942 _2ddc
_cBK
999 _c3947
_d3947